सुधियों के सागर (Record no. 897)

MARC details
000 -LEADER
fixed length control field 01159 a2200241 4500
005 - DATE AND TIME OF LATEST TRANSACTION
control field 20080902162656.0
008 - FIXED-LENGTH DATA ELEMENTS--GENERAL INFORMATION
fixed length control field 080902t xxu||||| |||| 00| 0 hin d
010 ## - LIBRARY OF CONGRESS CONTROL NUMBER
LC control number HIN-78865
020 ## - INTERNATIONAL STANDARD BOOK NUMBER
Terms of availability 175.00
International Standard Book Number 818692728x
035 ## - SYSTEM CONTROL NUMBER
System control number HN-51211
037 ## - SOURCE OF ACQUISITION
Source of stock number/acquisition D.B.Act / pub
082 ## - DEWEY DECIMAL CLASSIFICATION NUMBER
Classification number 821
100 ## - MAIN ENTRY--PERSONAL NAME
Personal name गुप्ता, इन्द्रेश प्रकाश
245 ## - TITLE STATEMENT
Title सुधियों के सागर
Statement of responsibility, etc इन्द्रेश प्रकाश गुप्ता
246 ## - VARYING FORM OF TITLE
Title proper/short title Sudhiyon ke sagar
Remainder of title by Inderesh Prakash Gupta
260 ## - PUBLICATION, DISTRIBUTION, ETC. (IMPRINT)
Place of publication, distribution, etc दिल्ली
Name of publisher, distributor, etc साहित्य वीथी प्रकाशन
Date of publication, distribution, etc 2006
270 ## - ADDRESS
Address 27/111,गली नं-7,विश्वास नगर,शाहदरा
City दिल्ली
Postal code 110032
Telephone number 9811280634
300 ## - PHYSICAL DESCRIPTION
Extent 160 पृ
Dimensions 22सेमी (सजिल्द)
650 ## - SUBJECT ADDED ENTRY--TOPICAL TERM
Topical term or geographic name as entry element कविताएँ
651 ## - SUBJECT ADDED ENTRY--GEOGRAPHIC NAME
Geographic name Poems
942 ## - ADDED ENTRY ELEMENTS (KOHA)
Institution code [OBSOLETE] dpl
Koha item type Hindi Books
Call number prefix 821 / गुप्ताइ
Source of classification or shelving scheme Dewey Decimal Classification
Classification part 821
Call number suffix गुप्ताइ
Holdings
Withdrawn status Lost status Damaged status Not for loan Collection code Home library Current library Date acquired Cost, normal purchase price Total Checkouts Full call number Barcode Date last seen Copy number Uniform Resource Identifier Cost, replacement price Price effective from Koha item type
      Not For Loan Non-fiction D.B.Act.Division D.B.Act.Division 02/09/2008 175.00   821 गुप्ताइ HN-51211 15/09/2008 1 959 175.00 15/09/2008 Hindi Books

© Delhi Public Library
Hit Counter
free hit counter